[Event "ODJM B 2024"]
[Site "Willingen GER"]
[Date "2024.05.24"]
[Round "8"]
[White "Fischer, Quirin"]
[Black "Mersmann, Jasmin"]
[Result "1/2-1/2"]
[Termination "normal"]
[Board "50"]
[WhiteElo "1636"]
[BlackElo "1486"]
[WhiteClock "01:14:40"]
[BlackClock "01:04:38"]
[PlyCount "84"]
[WhiteFideId "34623787"]
[BlackFideId "34630287"]
[EventCountry "GER"]
[EventRounds "9"]
[EventType "swiss"]
[EventDate "2024.05.18"]

1. c4 {[%clk 01:30:59]} c5 {[%clk 01:30:45]} {[%emt 00:00:15]} 2. Nc3 {[%clk
01:31:25]} {[%emt 00:00:05]} Nc6 {[%clk 01:30:35]} {[%emt 00:00:40]} 3. Nf3
{[%clk 01:31:47]} {[%emt 00:00:08]} Nf6 {[%clk 01:30:24]} {[%emt 00:00:40]} 4.
g3 {[%clk 01:32:08]} {[%emt 00:00:08]} e6 {[%clk 01:28:13]} {[%emt 00:02:43]}
5. Bg2 {[%clk 01:32:29]} {[%emt 00:00:08]} d5 {[%clk 01:27:26]} {[%emt
00:01:17]} 6. cxd5 {[%clk 01:32:40]} {[%emt 00:00:19]} exd5 {[%clk 01:27:22]}
{[%emt 00:00:34]} 7. d4 {[%clk 01:32:35]} {[%emt 00:00:35]} cxd4 {[%clk
01:26:05]} {[%emt 00:01:47]} 8. Nxd4 {[%clk 01:31:01]} {[%emt 00:02:04]} Bc5
{[%clk 01:26:06]} {[%emt 00:00:27]} 9. Nb3 {[%clk 01:30:43]} {[%emt 00:00:50]}
Bb4 {[%clk 01:25:54]} {[%emt 00:00:42]} 10. O-O {[%clk 01:30:26]} {[%emt
00:00:46]} Bxc3 {[%clk 01:26:00]} {[%emt 00:00:24]} 11. bxc3 {[%clk 01:30:51]}
{[%emt 00:00:06]} O-O {[%clk 01:26:20]} {[%emt 00:00:09]} 12. Bg5 {[%clk
01:31:03]} {[%emt 00:00:18]} Qd6 {[%clk 01:25:46]} {[%emt 00:01:03]} 13. c4
{[%clk 01:31:03]} {[%emt 00:00:32]} d4 {[%clk 01:24:53]} {[%emt 00:01:22]} 14.
c5 {[%clk 01:28:11]} {[%emt 00:03:22]} Qe5 {[%clk 01:24:35]} {[%emt 00:00:48]}
15. Bf4 {[%clk 01:28:14]} {[%emt 00:00:27]} Qe6 {[%clk 01:22:59]} {[%emt
00:02:04]} 16. Re1 {[%clk 01:27:32]} {[%emt 00:01:14]} Ne4 {[%clk 01:20:15]}
{[%emt 00:03:13]} 17. Nxd4 {[%clk 01:26:30]} {[%emt 00:01:34]} Nxd4 {[%clk
01:19:18]} {[%emt 00:01:26]} 18. Qxd4 {[%clk 01:26:55]} {[%emt 00:00:05]} Re8
{[%clk 01:16:10]} {[%emt 00:03:34]} 19. Bxe4 {[%clk 01:25:59]} {[%emt
00:01:30]} Qxe4 {[%clk 01:16:12]} {[%emt 00:00:27]} 20. Qxe4 {[%clk 01:26:24]}
{[%emt 00:00:06]} Rxe4 {[%clk 01:16:31]} {[%emt 00:00:11]} 21. f3 {[%clk
01:25:58]} {[%emt 00:00:56]} Re6 {[%clk 01:16:17]} {[%emt 00:00:43]} 22. e4
{[%clk 01:25:55]} {[%emt 00:00:34]} b6 {[%clk 01:15:53]} {[%emt 00:00:53]} 23.
Red1 {[%clk 01:21:16]} {[%emt 00:05:10]} Ba6 {[%clk 01:15:22]} {[%emt
00:01:00]} 24. cxb6 {[%clk 01:20:58]} {[%emt 00:00:50]} Rxb6 {[%clk 01:15:27]}
{[%emt 00:00:24]} 25. Kf2 {[%clk 01:19:25]} {[%emt 00:02:04]} Rb2+ {[%clk
01:15:28]} {[%emt 00:00:28]} 26. Rd2 {[%clk 01:19:45]} {[%emt 00:00:09]} Rxd2+
{[%clk 01:15:27]} {[%emt 00:00:32]} 27. Bxd2 {[%clk 01:20:07]} {[%emt
00:00:09]} h6 {[%clk 01:15:51]} {[%emt 00:00:04]} 28. Be3 {[%clk 01:19:42]}
{[%emt 00:00:57]} Bc4 {[%clk 01:15:44]} {[%emt 00:00:36]} 29. f4 {[%clk
01:16:36]} {[%emt 00:03:36]} a6 {[%clk 01:15:39]} {[%emt 00:00:35]} 30. h3
{[%clk 01:15:41]} {[%emt 00:01:25]} Rb8 {[%clk 01:14:59]} {[%emt 00:01:08]} 31.
Bd4 {[%clk 01:15:48]} {[%emt 00:00:25]} Rd8 {[%clk 01:14:52]} {[%emt 00:00:36]}
32. Ke3 {[%clk 01:16:05]} {[%emt 00:00:14]} Rc8 {[%clk 01:09:44]} {[%emt
00:05:37]} 33. Rc1 {[%clk 01:15:00]} {[%emt 00:01:36]} Be6 {[%clk 01:10:01]}
{[%emt 00:00:13]} 34. Rxc8+ {[%clk 01:15:26]} {[%emt 00:00:04]} Bxc8 {[%clk
01:10:21]} {[%emt 00:00:10]} 35. g4 {[%clk 01:15:35]} {[%emt 00:00:20]} h5
{[%clk 01:08:36]} {[%emt 00:02:14]} 36. f5 {[%clk 01:15:52]} {[%emt 00:00:14]}
hxg4 {[%clk 01:07:33]} {[%emt 00:01:34]} 37. hxg4 {[%clk 01:16:15]} {[%emt
00:00:06]} f6 {[%clk 01:07:33]} {[%emt 00:00:29]} 38. Kf4 {[%clk 01:15:28]}
{[%emt 00:01:18]} Kf7 {[%clk 01:06:57]} {[%emt 00:01:06]} 39. g5 {[%clk
01:14:45]} {[%emt 00:01:13]} Bb7 {[%clk 01:05:02]} {[%emt 00:02:25]} 40. e5
{[%clk 01:14:54]} {[%emt 00:00:21]} fxe5+ {[%emt 00:01:02]} 41. Kxe5 {[%clk
01:14:48]} {[%emt 00:00:17]} g6 {[%clk 01:04:46]} {[%emt 00:00:33]} 42. f6
{[%clk 01:14:40]} {[%emt 00:00:39]} Bg2 {[%clk 01:04:38]} {[%emt 00:00:37]}
1/2-1/2

[Event "ODJM B 2024"]
[Site "Willingen GER"]
[Date "2024.05.24"]
[Round "8"]
[White "Stepanjan, Tatevik Mia"]
[Black "Barthelmes, Venice"]
[Result "1-0"]
[Termination "normal"]
[Board "51"]
[WhiteElo "1582"]
[BlackElo "1655"]
[WhiteClock "00:09:01"]
[BlackClock "00:01:31"]
[PlyCount "137"]
[WhiteFideId "16246128"]
[BlackFideId "16261003"]
[EventCountry "GER"]
[EventRounds "9"]
[EventType "swiss"]
[EventDate "2024.05.18"]

1. e4 {[%clk 01:30:59]} e5 {[%clk 01:30:54]} {[%emt 00:00:07]} 2. Nf3 {[%clk
01:31:23]} {[%emt 00:00:06]} Nc6 {[%clk 01:31:05]} {[%emt 00:00:19]} 3. Bb5
{[%clk 01:31:47]} {[%emt 00:00:06]} Nf6 {[%clk 01:30:31]} {[%emt 00:01:04]} 4.
d3 {[%clk 01:32:11]} {[%emt 00:00:06]} d6 {[%clk 01:30:14]} {[%emt 00:00:48]}
5. h3 {[%clk 01:32:08]} {[%emt 00:00:32]} a6 {[%clk 01:29:38]} {[%emt
00:01:06]} 6. Ba4 {[%clk 01:32:09]} {[%emt 00:00:29]} b5 {[%clk 01:29:13]}
{[%emt 00:00:54]} 7. Bb3 {[%clk 01:32:27]} {[%emt 00:00:12]} Na5 {[%clk
01:26:23]} {[%emt 00:03:20]} 8. Bg5 {[%clk 01:29:47]} {[%emt 00:03:10]} Nxb3
{[%clk 01:21:33]} {[%emt 00:05:20]} 9. axb3 {[%clk 01:29:56]} {[%emt 00:00:21]}
Be7 {[%clk 01:21:34]} {[%emt 00:00:29]} 10. O-O {[%clk 01:29:47]} {[%emt
00:00:39]} O-O {[%clk 01:21:49]} {[%emt 00:00:15]} 11. c3 {[%clk 01:30:01]}
{[%emt 00:00:16]} Bb7 {[%clk 01:20:31]} {[%emt 00:01:48]} 12. Nbd2 {[%clk
01:30:10]} {[%emt 00:00:21]} Nd7 {[%clk 01:15:23]} {[%emt 00:05:39]} 13. Bxe7
{[%emt 00:00:30]} Qxe7 {[%clk 01:15:43]} {[%emt 00:00:09]} 14. b4 {[%clk
01:29:47]} {[%emt 00:00:54]} f5 {[%clk 01:08:44]} {[%emt 00:07:27]} 15. Re1
{[%clk 01:26:53]} {[%emt 00:03:25]} Rae8 {[%clk 00:58:25]} {[%emt 00:10:49]}
16. Nf1 {[%clk 01:24:43]} {[%emt 00:02:41]} Qf6 {[%clk 00:54:23]} {[%emt
00:04:32]} 17. Ng3 {[%clk 01:24:33]} {[%emt 00:00:41]} f4 {[%clk 00:52:26]}
{[%emt 00:02:27]} 18. Nf1 {[%clk 01:20:50]} {[%emt 00:04:12]} Qh6 {[%clk
00:46:46]} {[%emt 00:06:09]} 19. N1d2 {[%clk 01:19:26]} {[%emt 00:01:55]} Nf6
{[%clk 00:40:34]} {[%emt 00:06:43]} 20. Qc2 {[%clk 01:16:05]} {[%emt 00:03:51]}
g5 {[%clk 00:35:54]} {[%emt 00:05:09]} 21. Nh2 {[%clk 01:14:38]} {[%emt
00:01:57]} Kh8 {[%clk 00:34:47]} {[%emt 00:01:37]} 22. d4 {[%clk 01:13:20]}
{[%emt 00:01:48]} Rg8 {[%clk 00:31:35]} {[%emt 00:03:42]} 23. Ng4 {[%clk
00:59:00]} {[%emt 00:14:50]} Nxg4 {[%clk 00:27:47]} {[%emt 00:04:18]} 24. hxg4
{[%clk 00:58:37]} {[%emt 00:00:53]} Qg6 {[%clk 00:25:44]} {[%emt 00:02:33]} 25.
d5 {[%clk 00:52:07]} {[%emt 00:07:00]} Bc8 {[%clk 00:24:35]} {[%emt 00:01:39]}
26. f3 {[%clk 00:52:16]} {[%emt 00:00:21]} Re7 {[%clk 00:23:39]} {[%emt
00:01:26]} 27. Kf2 {[%clk 00:50:00]} {[%emt 00:02:45]} Kg7 {[%clk 00:23:05]}
{[%emt 00:01:04]} 28. Rh1 {[%clk 00:49:32]} {[%emt 00:00:58]} Kf8 {[%clk
00:22:58]} {[%emt 00:00:38]} 29. Nb3 {[%clk 00:47:40]} {[%emt 00:02:22]} Rh8
{[%clk 00:21:36]} {[%emt 00:01:52]} 30. Rh5 {[%clk 00:46:18]} {[%emt 00:01:52]}
h6 {[%clk 00:17:40]} {[%emt 00:04:26]} 31. Na5 {[%clk 00:45:05]} {[%emt
00:01:43]} Qe8 {[%clk 00:16:51]} {[%emt 00:01:19]} 32. Nc6 {[%clk 00:44:42]}
{[%emt 00:00:53]} Reh7 {[%clk 00:16:32]} {[%emt 00:00:49]} 33. Nb8 {[%clk
00:34:02]} {[%emt 00:11:10]} Bxg4 {[%clk 00:14:15]} {[%emt 00:02:46]} 34. fxg4
{[%clk 00:33:34]} {[%emt 00:00:58]} Qxb8 {[%clk 00:14:24]} {[%emt 00:00:21]}
35. Rxa6 {[%clk 00:33:38]} {[%emt 00:00:25]} Qb7 {[%clk 00:13:46]} {[%emt
00:01:08]} 36. Rc6 {[%clk 00:30:59]} {[%emt 00:03:09]} Qa7+ {[%clk 00:12:04]}
{[%emt 00:02:13]} 37. Kf1 {[%clk 00:30:03]} {[%emt 00:01:25]} Ke7 {[%clk
00:09:42]} {[%emt 00:02:51]} 38. Qe2 {[%clk 00:28:50]} {[%emt 00:01:43]} Qb7
{[%clk 00:06:50]} {[%emt 00:03:23]} 39. c4 {[%clk 00:26:46]} {[%emt 00:02:34]}
bxc4 {[%clk 00:06:37]} {[%emt 00:00:43]} 40. Qxc4 {[%clk 00:27:00]} {[%emt
00:00:16]} Kd7 {[%clk 00:04:47]} {[%emt 00:02:20]} 41. Ra6 {[%clk 00:22:35]}
{[%emt 00:04:55]} Rb8 {[%clk 00:28:19]} {[%emt 00:06:56]} 42. Ra4 {[%clk
00:38:23]} {[%emt 00:14:43]} Kd8 {[%clk 00:27:29]} {[%emt 00:01:20]} 43. Ke2
{[%clk 00:32:01]} {[%emt 00:06:51]} Qc8 {[%clk 00:23:42]} {[%emt 00:04:17]} 44.
Kf3 {[%clk 00:30:56]} {[%emt 00:01:35]} Ra8 {[%clk 00:20:13]} {[%emt 00:03:59]}
45. Ra5 {[%clk 00:30:23]} {[%emt 00:01:04]} Qb7 {[%clk 00:18:44]} {[%emt
00:01:58]} 46. Qc6 {[%clk 00:26:31]} {[%emt 00:04:23]} Qxc6 {[%clk 00:17:35]}
{[%emt 00:01:40]} 47. dxc6 {[%clk 00:26:11]} {[%emt 00:00:50]} Rb8 {[%clk
00:16:00]} {[%emt 00:02:06]} 48. b5 {[%clk 00:26:03]} {[%emt 00:00:37]} Ke7
{[%clk 00:15:07]} {[%emt 00:01:22]} 49. Ra7 {[%clk 00:21:49]} {[%emt 00:04:44]}
Ke6 {[%clk 00:12:31]} {[%emt 00:03:06]} 50. Rb7 {[%clk 00:21:06]} {[%emt
00:01:13]} Rbh8 {[%clk 00:12:37]} {[%emt 00:00:23]} 51. Ke2 {[%clk 00:14:03]}
{[%emt 00:07:35]} d5 {[%clk 00:12:16]} {[%emt 00:00:51]} 52. Kd3 {[%clk
00:13:56]} {[%emt 00:00:37]} Kd6 {[%clk 00:11:40]} {[%emt 00:01:05]} 53. b4
{[%clk 00:12:21]} {[%emt 00:02:05]} dxe4+ {[%clk 00:11:32]} {[%emt 00:00:38]}
54. Kxe4 {[%clk 00:12:17]} {[%emt 00:00:34]} Ra8 {[%clk 00:11:26]} {[%emt
00:00:37]} 55. Rh1 {[%clk 00:11:24]} {[%emt 00:01:23]} Ra3 {[%clk 00:10:20]}
{[%emt 00:01:35]} 56. Rd1+ {[%clk 00:11:09]} {[%emt 00:00:46]} Ke6 {[%clk
00:10:31]} {[%emt 00:00:19]} 57. Rd3 {[%clk 00:10:01]} {[%emt 00:01:38]} Rxd3
{[%clk 00:10:29]} {[%emt 00:00:32]} 58. Kxd3 {[%clk 00:10:09]} {[%emt
00:00:21]} Kd5 {[%clk 00:10:48]} {[%emt 00:00:10]} 59. b6 {[%clk 00:06:38]}
{[%emt 00:04:02]} Kxc6 {[%clk 00:10:25]} {[%emt 00:00:53]} 60. Rxc7+ {[%clk
00:06:56]} {[%emt 00:00:12]} Rxc7 {[%clk 00:10:45]} {[%emt 00:00:11]} 61. bxc7
{[%clk 00:07:19]} {[%emt 00:00:07]} Kxc7 {[%clk 00:11:07]} {[%emt 00:00:08]}
62. Ke4 {[%clk 00:07:40]} {[%emt 00:00:08]} Kc6 {[%clk 00:01:25]} {[%emt
00:10:12]} 63. Kxe5 {[%clk 00:07:50]} {[%emt 00:00:20]} Kb5 {[%clk 00:01:42]}
{[%emt 00:00:13]} 64. Kf5 {[%clk 00:07:59]} {[%emt 00:00:21]} Kxb4 {[%clk
00:02:03]} {[%emt 00:00:09]} 65. Kg6 {[%clk 00:08:25]} {[%emt 00:00:03]} Kc3
{[%clk 00:02:01]} {[%emt 00:00:32]} 66. Kxh6 {[%clk 00:08:43]} {[%emt
00:00:12]} Kd4 {[%clk 00:02:11]} {[%emt 00:00:20]} 67. Kxg5 {[%clk 00:08:49]}
{[%emt 00:00:23]} Ke5 {[%clk 00:01:28]} {[%emt 00:01:14]} 68. Kh4 {[%clk
00:09:03]} {[%emt 00:00:15]} Kf6 {[%clk 00:01:31]} {[%emt 00:00:28]} 69. g5+
{[%clk 00:09:01]} {[%emt 00:00:33]} 1-0

[Event "ODJM B 2024"]
[Site "Willingen GER"]
[Date "2024.05.24"]
[Round "8"]
[White "De Cauter, Leah"]
[Black "Klemm, Julian"]
[Result "1-0"]
[Termination "normal"]
[Board "52"]
[WhiteElo "1617"]
[BlackElo "1408"]
[WhiteClock "00:08:19"]
[BlackClock "00:29:08"]
[PlyCount "93"]
[WhiteFideId "16222350"]
[BlackFideId "533001901"]
[EventCountry "GER"]
[EventRounds "9"]
[EventType "swiss"]
[EventDate "2024.05.18"]

1. c4 {[%clk 01:30:55]} {[%emt 00:00:04]} e5 {[%clk 01:30:44]} {[%emt
00:00:17]} 2. g3 {[%clk 01:31:19]} {[%emt 00:00:05]} Nc6 {[%clk 01:31:04]}
{[%emt 00:00:11]} 3. Bg2 {[%clk 01:31:44]} {[%emt 00:00:05]} f5 {[%clk
01:31:13]} {[%emt 00:00:21]} 4. Nc3 {[%clk 01:30:37]} {[%emt 00:01:37]} Nf6
{[%clk 01:30:50]} {[%emt 00:00:53]} 5. a3 {[%clk 01:26:10]} {[%emt 00:04:57]}
Be7 {[%clk 01:27:43]} {[%emt 00:03:36]} 6. Nd5 {[%clk 01:16:01]} {[%emt
00:10:39]} d6 {[%clk 01:22:52]} {[%emt 00:05:22]} 7. e3 {[%clk 01:03:17]}
{[%emt 00:13:13]} O-O {[%clk 01:08:55]} {[%emt 00:14:27]} 8. h4 {[%clk
00:38:44]} {[%emt 00:25:03]} Nb8 {[%clk 00:45:23]} {[%emt 00:24:03]} 9. Nh3
{[%clk 00:32:14]} {[%emt 00:06:59]} c6 {[%clk 00:43:48]} {[%emt 00:02:06]} 10.
Nxe7+ {[%clk 00:28:34]} {[%emt 00:04:10]} Qxe7 {[%clk 00:44:05]} {[%emt
00:00:12]} 11. O-O {[%clk 00:28:22]} {[%emt 00:00:42]} d5 {[%clk 00:31:16]}
{[%emt 00:13:20]} 12. Qc2 {[%clk 00:22:59]} {[%emt 00:05:52]} Be6 {[%clk
00:23:14]} {[%emt 00:08:32]} 13. c5 {[%clk 00:20:58]} {[%emt 00:02:31]} Na6
{[%clk 00:18:50]} {[%emt 00:04:54]} 14. b4 {[%clk 00:21:11]} {[%emt 00:00:16]}
Nc7 {[%clk 00:18:58]} {[%emt 00:00:23]} 15. Bb2 {[%clk 00:21:25]} {[%emt
00:00:16]} Bd7 {[%clk 00:18:33]} {[%emt 00:00:55]} 16. Rad1 {[%clk 00:18:54]}
{[%emt 00:03:00]} Rae8 {[%clk 00:16:05]} {[%emt 00:02:59]} 17. f4 {[%clk
00:17:53]} {[%emt 00:01:31]} e4 {[%clk 00:14:05]} {[%emt 00:02:30]} 18. Be5
{[%clk 00:18:11]} {[%emt 00:00:12]} Be6 {[%clk 00:12:01]} {[%emt 00:02:34]} 19.
Bd6 {[%clk 00:18:23]} {[%emt 00:00:18]} Qd7 {[%clk 00:12:07]} {[%emt 00:00:24]}
20. Bxf8 {[%clk 00:16:13]} {[%emt 00:02:39]} Rxf8 {[%clk 00:12:30]} {[%emt
00:00:07]} 21. Ng5 {[%clk 00:16:22]} {[%emt 00:00:21]} h6 {[%clk 00:12:28]}
{[%emt 00:00:33]} 22. Nxe6 {[%clk 00:16:34]} {[%emt 00:00:17]} Qxe6 {[%clk
00:12:24]} {[%emt 00:00:34]} 23. a4 {[%clk 00:15:31]} {[%emt 00:01:34]} Ng4
{[%clk 00:12:17]} {[%emt 00:00:37]} 24. Bh3 {[%clk 00:15:32]} {[%emt 00:00:29]}
Nf6 {[%clk 00:12:09]} {[%emt 00:00:38]} 25. Qc3 {[%clk 00:15:04]} {[%emt
00:00:57]} Nh5 {[%clk 00:11:26]} {[%emt 00:01:14]} 26. Kh2 {[%clk 00:14:37]}
{[%emt 00:00:56]} Qg6 {[%clk 00:10:57]} {[%emt 00:00:59]} 27. Rg1 {[%clk
00:14:48]} {[%emt 00:00:20]} Nf6 {[%clk 00:10:29]} {[%emt 00:00:58]} 28. Qc1
{[%clk 00:08:11]} {[%emt 00:07:02]} Re8 {[%clk 00:09:27]} {[%emt 00:01:37]} 29.
Rde1 {[%clk 00:07:45]} {[%emt 00:00:55]} Rd8 {[%clk 00:08:36]} {[%emt
00:01:21]} 30. Qc3 {[%clk 00:06:46]} {[%emt 00:01:29]} Re8 {[%clk 00:08:50]}
{[%emt 00:00:17]} 31. Re2 {[%clk 00:06:29]} {[%emt 00:00:46]} Re7 {[%clk
00:07:52]} {[%emt 00:01:29]} 32. Reg2 {[%clk 00:06:36]} {[%emt 00:00:21]} Ng4+
{[%clk 00:07:37]} {[%emt 00:00:48]} 33. Kh1 {[%clk 00:05:50]} {[%emt 00:01:13]}
Re8 {[%clk 00:07:15]} {[%emt 00:00:54]} 34. Qa1 {[%clk 00:05:03]} {[%emt
00:01:14]} Re7 {[%clk 00:07:14]} {[%emt 00:00:34]} 35. Qd1 {[%clk 00:05:19]}
{[%emt 00:00:11]} Rf7 {[%clk 00:05:22]} {[%emt 00:02:24]} 36. Bxg4 {[%clk
00:05:35]} {[%emt 00:00:14]} Qxg4 {[%clk 00:05:43]} {[%emt 00:00:09]} 37. Qxg4
{[%clk 00:05:57]} {[%emt 00:00:09]} fxg4 {[%clk 00:05:55]} {[%emt 00:00:17]}
38. Rf2 {[%clk 00:05:05]} {[%emt 00:01:22]} h5 {[%clk 00:05:54]} {[%emt
00:00:32]} 39. Rd1 {[%clk 00:05:06]} {[%emt 00:00:28]} Rf5 {[%clk 00:05:10]}
{[%emt 00:01:14]} 40. d3 {[%clk 00:04:30]} {[%emt 00:01:06]} exd3 {[%clk
00:05:14]} {[%emt 00:00:26]} 41. Rxd3 {[%clk 00:04:39]} {[%emt 00:00:22]} Ne8
{[%clk 00:05:14]} {[%emt 00:00:30]} 42. e4 {[%clk 00:14:38]} {[%emt 00:20:31]}
dxe4 {[%clk 00:32:25]} {[%emt 00:03:18]} 43. Rd8 {[%clk 00:13:23]} {[%emt
00:01:43]} Kf8 {[%clk 00:32:03]} {[%emt 00:00:53]} 44. Re2 {[%clk 00:12:59]}
{[%emt 00:00:55]} Ke7 {[%clk 00:30:37]} {[%emt 00:01:57]} 45. Rb8 {[%clk
00:08:34]} {[%emt 00:04:53]} Rd5 {[%clk 00:29:37]} {[%emt 00:01:30]} 46. Rxe4+
{[%clk 00:08:24]} {[%emt 00:00:41]} Kd7 {[%clk 00:29:08]} {[%emt 00:00:59]} 47.
Rbxe8 {[%clk 00:08:19]} {[%emt 00:00:35]} 1-0

[Event "ODJM B 2024"]
[Site "Willingen GER"]
[Date "2024.05.24"]
[Round "8"]
[White "Mlynarski, Milosz"]
[Black "Päpke, Aaron"]
[Result "1-0"]
[Termination "normal"]
[Board "53"]
[WhiteElo "1663"]
[BlackElo "1322"]
[WhiteClock "00:33:53"]
[BlackClock "00:56:34"]
[PlyCount "119"]
[WhiteFideId "34636854"]
[BlackFideId "34684930"]
[EventCountry "GER"]
[EventRounds "9"]
[EventType "swiss"]
[EventDate "2024.05.18"]

1. d4 {[%clk 01:30:53]} {[%emt 00:00:07]} Nf6 {[%clk 01:30:57]} {[%emt
00:00:04]} 2. c4 {[%clk 01:31:09]} {[%emt 00:00:14]} g6 {[%clk 01:30:37]}
{[%emt 00:00:49]} 3. Nc3 {[%clk 01:30:49]} {[%emt 00:00:51]} Bg7 {[%clk
01:31:00]} {[%emt 00:00:07]} 4. e4 {[%clk 01:31:11]} {[%emt 00:00:07]} d6
{[%clk 01:31:25]} {[%emt 00:00:04]} 5. f4 {[%clk 01:31:34]} {[%emt 00:00:08]}
e5 {[%clk 01:26:49]} {[%emt 00:05:05]} 6. fxe5 {[%clk 01:28:14]} {[%emt
00:03:51]} dxe5 {[%clk 01:27:08]} {[%emt 00:00:11]} 7. d5 {[%clk 01:28:28]}
{[%emt 00:00:16]} O-O {[%clk 01:26:00]} {[%emt 00:01:38]} 8. Nf3 {[%clk
01:28:47]} {[%emt 00:00:11]} Nbd7 {[%clk 01:24:29]} {[%emt 00:02:02]} 9. Bd3
{[%clk 01:22:59]} {[%emt 00:06:18]} Re8 {[%clk 01:23:28]} {[%emt 00:01:30]} 10.
Bd2 {[%clk 01:20:00]} {[%emt 00:03:29]} Nc5 {[%clk 01:21:08]} {[%emt 00:02:50]}
11. Bc2 {[%clk 01:20:15]} {[%emt 00:00:15]} a5 {[%clk 01:19:26]} {[%emt
00:02:12]} 12. a3 {[%clk 01:20:31]} {[%emt 00:00:14]} Bg4 {[%clk 01:17:39]}
{[%emt 00:02:17]} 13. O-O {[%clk 01:20:27]} {[%emt 00:00:35]} Re7 {[%clk
01:06:47]} {[%emt 00:11:21]} 14. b4 {[%clk 01:16:11]} {[%emt 00:04:47]} axb4
{[%clk 01:00:04]} {[%emt 00:07:12]} 15. axb4 {[%clk 01:14:23]} {[%emt
00:02:18]} Na6 {[%clk 01:00:20]} {[%emt 00:00:14]} 16. Na4 {[%clk 00:58:51]}
{[%emt 00:16:03]} Ne8 {[%clk 00:58:32]} {[%emt 00:02:17]} 17. b5 {[%clk
00:52:12]} {[%emt 00:07:09]} Nb8 {[%clk 00:58:20]} {[%emt 00:00:41]} 18. Nc5
{[%clk 00:52:01]} {[%emt 00:00:41]} Rxa1 {[%clk 00:57:44]} {[%emt 00:01:07]}
19. Qxa1 {[%clk 00:52:20]} {[%emt 00:00:10]} Nd6 {[%clk 00:57:43]} {[%emt
00:00:31]} 20. Bd3 {[%clk 00:49:31]} {[%emt 00:03:20]} c6 {[%clk 00:57:24]}
{[%emt 00:00:50]} 21. Bg5 {[%clk 00:40:54]} {[%emt 00:09:07]} f6 {[%clk
00:57:13]} {[%emt 00:00:40]} 22. Nxe5 {[%clk 00:40:08]} {[%emt 00:01:16]} Rxe5
{[%clk 00:56:15]} {[%emt 00:01:28]} 23. Qxe5 {[%clk 00:40:30]} {[%emt
00:00:08]} fxg5 {[%clk 00:55:59]} {[%emt 00:00:45]} 24. Qg3 {[%clk 00:37:48]}
{[%emt 00:03:13]} Be2 {[%clk 00:53:00]} {[%emt 00:03:28]} 25. Bxe2 {[%clk
00:36:41]} {[%emt 00:01:39]} Bd4+ {[%clk 00:53:23]} {[%emt 00:00:06]} 26. Kh1
{[%clk 00:37:09]} {[%emt 00:00:02]} Bxc5 {[%clk 00:53:32]} {[%emt 00:00:21]}
27. dxc6 {[%clk 00:35:18]} {[%emt 00:02:21]} bxc6 {[%clk 00:53:27]} {[%emt
00:00:35]} 28. Qe5 {[%clk 00:35:23]} {[%emt 00:00:25]} Nd7 {[%clk 00:52:44]}
{[%emt 00:01:14]} 29. Qe6+ {[%clk 00:34:15]} {[%emt 00:01:38]} Kg7 {[%clk
00:52:45]} {[%emt 00:00:28]} 30. bxc6 {[%clk 00:34:07]} {[%emt 00:00:38]} Nf6
{[%clk 00:50:37]} {[%emt 00:02:38]} 31. e5 {[%clk 00:32:28]} {[%emt 00:02:09]}
Nde8 {[%clk 00:49:52]} {[%emt 00:01:15]} 32. exf6+ {[%clk 00:31:38]} {[%emt
00:01:20]} Nxf6 {[%clk 00:50:14]} {[%emt 00:00:08]} 33. c7 {[%clk 00:31:46]}
{[%emt 00:00:23]} Qxc7 {[%clk 00:49:42]} {[%emt 00:01:01]} 34. Qxf6+ {[%clk
00:31:56]} {[%emt 00:00:20]} Kh6 {[%clk 00:49:31]} {[%emt 00:00:41]} 35. h4
{[%clk 00:30:56]} {[%emt 00:01:30]} Be3 {[%clk 00:49:12]} {[%emt 00:00:49]} 36.
hxg5+ {[%clk 00:29:57]} {[%emt 00:01:29]} Bxg5 {[%clk 00:49:31]} {[%emt
00:00:10]} 37. Qf8+ {[%clk 00:29:47]} {[%emt 00:00:40]} Qg7 {[%clk 00:49:51]}
{[%emt 00:00:11]} 38. Qxg7+ {[%clk 00:30:10]} {[%emt 00:00:07]} Kxg7 {[%clk
00:50:11]} {[%emt 00:00:10]} 39. c5 {[%clk 00:30:20]} {[%emt 00:00:20]} Be3
{[%clk 00:50:14]} {[%emt 00:00:27]} 40. c6 {[%clk 00:30:24]} {[%emt 00:00:27]}
Bb6 {[%clk 00:50:41]} {[%emt 00:00:03]} 41. Rc1 {[%clk 00:30:23]} {[%emt
00:00:30]} Kf6 {[%clk 00:50:58]} {[%emt 00:00:12]} 42. c7 {[%clk 00:30:41]}
{[%emt 00:00:13]} Bxc7 {[%clk 00:51:23]} {[%emt 00:00:05]} 43. Rxc7 {[%clk
00:31:04]} {[%emt 00:00:06]} h5 {[%clk 00:51:46]} {[%emt 00:00:08]} 44. Bxh5
{[%clk 00:31:17]} {[%emt 00:00:17]} gxh5 {[%clk 00:52:08]} {[%emt 00:00:07]}
45. Kh2 {[%clk 00:31:37]} {[%emt 00:00:11]} Kg5 {[%clk 00:52:33]} {[%emt
00:00:06]} 46. Rc5+ {[%clk 00:31:02]} {[%emt 00:01:06]} Kh4 {[%clk 00:52:45]}
{[%emt 00:00:17]} 47. Rxh5+ {[%clk 00:31:25]} {[%emt 00:00:07]} Kxh5 {[%clk
00:53:03]} {[%emt 00:00:12]} 48. Kh3 {[%clk 00:31:48]} {[%emt 00:00:06]} Kg5
{[%clk 00:53:25]} {[%emt 00:00:08]} 49. Kg3 {[%clk 00:31:53]} {[%emt 00:00:26]}
Kh5 {[%clk 00:53:46]} {[%emt 00:00:09]} 50. Kf4 {[%clk 00:32:13]} {[%emt
00:00:10]} Kg6 {[%clk 00:54:06]} {[%emt 00:00:10]} 51. Kg4 {[%clk 00:32:14]}
{[%emt 00:00:29]} Kg7 {[%clk 00:54:26]} {[%emt 00:00:11]} 52. Kg5 {[%clk
00:32:33]} {[%emt 00:00:11]} Kf8 {[%clk 00:54:41]} {[%emt 00:00:14]} 53. Kf6
{[%clk 00:32:42]} {[%emt 00:00:20]} Kg8 {[%clk 00:55:05]} {[%emt 00:00:07]} 54.
Kg6 {[%clk 00:32:50]} {[%emt 00:00:22]} Kf8 {[%clk 00:55:18]} {[%emt 00:00:17]}
55. Kh7 {[%clk 00:33:11]} {[%emt 00:00:08]} Kf7 {[%clk 00:55:40]} {[%emt
00:00:08]} 56. g4 {[%clk 00:32:57]} {[%emt 00:00:44]} Kf6 {[%clk 00:56:02]}
{[%emt 00:00:09]} 57. Kh6 {[%clk 00:33:01]} {[%emt 00:00:26]} Kf7 {[%clk
00:56:06]} {[%emt 00:00:26]} 58. g5 {[%clk 00:33:12]} {[%emt 00:00:19]} Kg8
{[%clk 00:56:21]} {[%emt 00:00:14]} 59. Kg6 {[%clk 00:33:32]} {[%emt 00:00:11]}
Kh8 {[%clk 00:56:34]} {[%emt 00:00:17]} 60. Kf7 {[%clk 00:33:53]} {[%emt
00:00:09]} 1-0